000 00648nam a2200217Ia 4500
003 GCL
008 140319s9999 xx 000 0 ara d
040 _aGCL /
_cGCL
082 0 4 _a574.5
_bس م
100 1 _aسامح غرايبة
245 1 0 _aالمدخل الى العلوم البيئية /
_cسامح غرايبة
700 1 _aيحيى الفرحان
250 _aالثانية
260 _aالاردن :
_bدار الشروق ،
_c1996
300 _a416 ص ؛
_c23 سم
650 0 4 _aالبيئة
650 0 4 _aتلوث البيئة
650 0 4 _aحماية البيئة
650 0 4 _aالبيئة - علم
942 _2ddc
_cBK
999 _c51844
_d51844